Electrochemistry (Record no. 86697)
[ view plain ]
| 000 -LEADER | |
|---|---|
| fixed length control field | 00405nam a2200169Ia 4500 |
| 003 - CONTROL NUMBER IDENTIFIER | |
| control field | STCL |
| 008 - FIXED-LENGTH DATA ELEMENTS--GENERAL INFORMATION | |
| fixed length control field | 181203s9999 xx 000 0 und d |
| 020 ## - INTERNATIONAL STANDARD BOOK NUMBER | |
| International Standard Book Number | 9789401042987 |
| 040 ## - CATALOGING SOURCE | |
| Original cataloging agency | STCL |
| Language of cataloging | EN |
| Transcribing agency | STCL |
| 082 ## - DEWEY DECIMAL CLASSIFICATION NUMBER | |
| Edition number | 22 |
| 100 ## - MAIN ENTRY--PERSONAL NAME | |
| Personal name | Rieger, Philip H. |
| 245 #0 - TITLE STATEMENT | |
| Title | Electrochemistry |
| 260 ## - PUBLICATION, DISTRIBUTION, ETC. (IMPRINT) | |
| Name of publisher, distributor, etc. | Springer Science+ Business Media |
| Place of publication, distribution, etc. | New York |
| Date of publication, distribution, etc. | 1994 |
| 300 ## - PHYSICAL DESCRIPTION | |
| Extent | 483 |
| 546 ## - LANGUAGE NOTE | |
| Language note | English |
| 942 ## - ADDED ENTRY ELEMENTS (KOHA) | |
| Source of classification or shelving scheme | Dewey Decimal Classification |
| Koha item type | Book |
| Withdrawn status | Lost status | Source of classification or shelving scheme | Damaged status | Not for loan | Home library | Current library | Shelving location | Date acquired | Total Checkouts | Total Renewals | Full call number | Barcode | Date last seen | Date last checked out | Price effective from | Koha item type |
|---|---|---|---|---|---|---|---|---|---|---|---|---|---|---|---|---|
| Dewey Decimal Classification | Santhome Athenaeum | Santhome Athenaeum | General Stacks | 03/12/2018 | 1 | 1 | 541.37 RIE-E | 95306 | 06/02/2019 | 21/01/2019 | 03/12/2018 | Book |